| 000 | 01923cam a22004574i 4500 | ||
|---|---|---|---|
| 003 | PE-LiUPU | ||
| 005 | 20250731173025.0 | ||
| 008 | 150623s r 000 0 d | ||
| 020 | _a1563382423 | ||
| 035 | _a(Sirsi) i9781563382420 | ||
| 040 |
_aPE-LiUPU _bspa _cPE-LiUPU _erda |
||
| 049 | _aPRUA | ||
| 082 | 0 | 4 |
_a226.406 _bM69 _221 |
| 100 | 1 |
_aMoessner, David P., _d1949-, _eautor. |
|
| 245 | 1 | 0 |
_aLord of the banquet : _bthe literary and theological significance of the Lukan travel narrative / _cDavid P. Moessner. |
| 264 | 1 |
_aHarrisburg, Pennsylvania : _bTrinity Press International, _c1989. |
|
| 300 |
_a372 páginas ; _c23 centímetros |
||
| 336 |
_atext _2rdacontent |
||
| 337 |
_aunmediated _2rdamedia |
||
| 338 |
_avolume _2rdacarrier |
||
| 504 | _aIncluye bibliografía. | ||
| 505 | 0 | _aThe problem expanded: dissonance of form from content (Luke 9:51 - 19:44). -The preview of the journey of the prophet like moses of Deuteronomy (Luke 9:1-50). -The Deuteronomistic view of Israel's prophetic history and the central section of Luke. -Jesus the Deuteronomistic rejected prophet as the prophet like Moses of Deuteronomy. -Conclusions: the significance of the travek narrative in Luke-Acts. | |
| 526 | _aSEG42 | ||
| 526 | _aSEG41 | ||
| 526 | _aSEG40 | ||
| 526 | _aSEG39 | ||
| 526 | _aP94 | ||
| 526 | _aP87 | ||
| 526 | _aP86 | ||
| 526 | _aP85 | ||
| 526 | _aP77 | ||
| 526 | _aP76 | ||
| 526 | _aP35 | ||
| 630 |
_aBiblia. _pN.T. _pLucas _xCrítica, interpretación, etc. |
||
| 942 |
_2ddc _cBOOK |
||
| 949 |
_a226.406 M69 _wDEWEY _c1 _i47897 _lCCODEBUL1 _mBUL _r0 _sY _tBOOK _u2015-6-24 _xTEOLOGIA _PP35 _0COMPRA _o.STAFF. Colección General |
||
| 994 |
_aC0 _bPEPRU |
||
| 596 | _a1 | ||
| 999 |
_a226.406 M69 _wDEWEY _c24370 _i47897 _f2021-11-9 _g5 _lCCODEBUL1 _mBUL _r0 _sY _tBOOK _u2015-6-24 _xTEOLOGIA _PP35 _0COMPRA _o.STAFF. Colección General _d24370 |
||
| 980 |
_81 _gALBERTO SANCHEZ Responsable de Automatización |
||